00527nam a2200169 450000500170000001000150001702000260003203500140005803700090007208200120008110000210009324500890011426000400020327000740024330000200031770000200033720250617114704.0 aENG-145407 a9789361636769c250.00 aEN-128939 bDBAD a658.404 aParimalarani, G. aDisruption Management for Long Term Resilience/cG. Parimalarani [and] M. Rahi Meena aMaduraibShanlax Publicationsc2024 a61,66 Vasantha Nagar bMaduraie625003mshanlaxpublications@gmail.com a149p.c24cm(Pb) aMeena, M. Rahi